000 01047nam a2200301 i 4500
003 EG-GICUC
005 20260410115158.0
008 260410s1938 sz ||||frw||| 00| 0 fre d
040 _aEG-GiCUC
_bfre
_cEG-GiCUC
_dEG-GiCUC
_eRda
043 _ane#
082 0 4 _221
_a341.0490405
_bC O . C
092 0 4 _221
_a341
099 _aLaw1 11 341.0490405 C O . C 1938
111 1 0 _aInter-parliamentary Union. Conference
_cà la Haye
_d22 au 27 août 1938
_nXXXIVe(34)
245 1 0 _aCompte-rendu de la XXXIVe conférence tenue à la Haye du 22 au 27 août 1938
264 1 _aLa haye :
_bPayot & cie,
_c1938.
300 _a687 page :
_billustration ;
_c 24 cm.
336 _2rda contenu
_a texte
337 _2rda medias
_aOrdinateur
338 _2 transporteur rda
_a Ressource en ligne
504 _aBibliography: pages 200-250. 240-220
650 1 _aDroit international
_2qrmak
650 1 _aInternational law
651 1 _2qrmak
856 4 0 _uhttps://fll.law.cu.edu.eg/fulltext/bks/B11-09276.pdf
905 _a15
942 _2ddc
_cBK
_e21
_n0
999 _c69933
_d69933